Sociality as the Human Condition Anthropology in Economic, Philosophical and Theological Perspective.
In addition to being contemplated in the classical disciplines of anthropology, human sociality has been subjected to scientific examination in the natural and social sciences. This book offers a substantial discussion of empirical research programs within current economics (experimental and neuroec...
المؤلف الرئيسي:
التنسيق: كتاب الكتروني
اللغة: English
منشور في:
Leiden ; Boston :
Brill,
2011.
سلاسل:
Philosophical Studies in Science and Religion
3.
Religious Studies, Theology and Philosophy E-Books Online, Collection 2011, ISBN: 9789004223110.
الموضوعات:
الوصول للمادة أونلاين: Login to view Source
الوسوم: إضافة وسم
رقم الطلب: BD450 .K586 2011
| LEADER | 03087nam a2200469 i 4500 | ||
|---|---|---|---|
| 001 | BRILL9789004207486 | ||
| 003 | nllekb | ||
| 005 | 20210602100149.0 | ||
| 006 | m d | ||
| 007 | cr un uuuua | ||
| 008 | 110801s2011 ne sb 001 0 eng d | ||
| 020 | |a 9789004207486 |q (electronic book) | ||
| 020 | |z 9789004191990 |q (print) | ||
| 024 | 7 | |a 10.1163/ej.9789004191990.i-324 |2 DOI | |
| 035 | |a (OCoLC)743693774 |z (OCoLC)744519901 | ||
| 040 | |a NL-LeKB |c NL-LeKB |e rda | ||
| 050 | 4 | |a BD450 |b .K586 2011 | |
| 082 | 0 | 4 | |a 301.01 |2 22 |
| 100 | 1 | |a Klein, Rebekka A. | |
| 245 | 1 | 0 | |a Sociality as the Human Condition |b Anthropology in Economic, Philosophical and Theological Perspective. |
| 264 | 1 | |a Leiden ; |a Boston : |b Brill, |c 2011. | |
| 300 | |a 1 online resource. | ||
| 336 | |a text |b txt |2 rdacontent | ||
| 337 | |a computer |b c |2 rdamedia | ||
| 338 | |a online resource |2 rdacarrier | ||
| 490 | 0 | |a Brill eBook titles 2011 | |
| 504 | |a Includes bibliographical references and index. | ||
| 505 | 0 | 0 | |t Preliminary Material / |r R. A. Klein -- |t Introduction / |r R. A. Klein -- |t Chapter One. Anthropology As A Representation Of Humanity / |r R. A. Klein -- |t Chapter Two. The Conflict Between Egoism And Altruism / |r R. A. Klein -- |t Chapter Three. Difference In The Interpersonal Relation / |r R. A. Klein -- |t Chapter Four. Humanity And Inhumanity In The Love Of Neighbor / |r R. A. Klein -- |t Final Thoughts / |r R. A. Klein -- |t Bibliography / |r R. A. Klein -- |t Index Of Names / |r R. A. Klein -- |t Index Of Subjects / |r R. A. Klein. |
| 506 | 1 | |a Available to subscribing member institutions only. | |
| 520 | |a In addition to being contemplated in the classical disciplines of anthropology, human sociality has been subjected to scientific examination in the natural and social sciences. This book offers a substantial discussion of empirical research programs within current economics (experimental and neuroeconomics), with special regard to the themes of reciprocity and altruism. These themes are discussed from a philosophical perspective informed by phenomenology and hermeneutics, and linked to theories of conflict, recognition and alterity in social philosophy, which are used to show the limitations of the purely science-based naturalistic approaches in economics. Finally, the book introduces the concept of the neighbor in Christian theology and shows how this figure brings a new perspective to the examination of human sociality. | ||
| 650 | 0 | |a Anthropology of religion. | |
| 650 | 0 | |a Anthropology |x Philosophy. | |
| 650 | 0 | |a Philosophical anthropology. | |
| 650 | 0 | |a Social groups. | |
| 650 | 0 | |a Social participation. | |
| 776 | 0 | |z 9789004207486 (electronic book) |z 9789004191990 | |
| 830 | 0 | |a Philosophical Studies in Science and Religion |v 3. | |
| 830 | 0 | |a Religious Studies, Theology and Philosophy E-Books Online, Collection 2011, ISBN: 9789004223110. | |
| 856 | 4 | |z DOI: |u http://dx.doi.org/10.1163/ej.9789004191990.i-324 | |
| 942 | |c EBOOK | ||
| 952 | |0 0 |1 0 |4 0 |7 1 |9 13822 |a BRILL |b BRILL |d 2021-06-02 |l 0 |r 2021-06-02 00:00:00 |w 2021-06-02 |y EBOOK | ||
| 999 | |c 35273 |d 35273 | ||
